Normal view
MARC view
- DHALIN D
Entry Personal Name
001 - CONTROL NUMBER
- control field: 4007
003 - CONTROL NUMBER IDENTIFIER
- control field: OSt
005 - DATE AND TIME OF LATEST TRANSACTION
- control field: 20181122135433.0
008 - FIXED-LENGTH DATA ELEMENTS
- fixed length control field: 181122|| aca||aabn | a|a d
040 ## - CATALOGING SOURCE
- Original cataloging agency: OSt
- Transcribing agency: OSt
100 ## - HEADING--PERSONAL NAME
- Personal name: DHALIN D
670 ## - SOURCE DATA FOUND
- Source citation: Work cat.: (OSt)15022: DHALIN D JAYALEKSHMI K RAKESH K. N, Development of a simple technique for watermelon seed extraction
